Kant's German in one month (Record no. 28140)

MARC details
000 -LEADER
fixed length control field 00278nam a2200109Ia 4500
082 ## - DEWEY DECIMAL CLASSIFICATION NUMBER
Classification number 803
Item number KAN
100 ## - MAIN ENTRY--AUTHOR NAME
Personal name Kant, S
245 #0 - TITLE STATEMENT
Title Kant's German in one month
260 ## - PUBLICATION, DISTRIBUTION, ETC. (IMPRINT)
Place of publication Julunder
Name of publisher School of Foreign language
Year of publication 1978
942 ## - ADDED ENTRY ELEMENTS (KOHA)
Koha item type Books
Holdings
Withdrawn status Lost status Damaged status Not for loan Home library Current library Date acquired Cost, normal purchase price Full call number Accession Number Koha item type
        RRII Library RRII Library 16/12/2021 9.00 803 KAN 08748 Books